The integration of international capital markets : theory and empirical evidence (Record no. 54160)

MARC details
000 -LEADER
fixed length control field 00774nam a2200229Ia 4500
008 - FIXED-LENGTH DATA ELEMENTS--GENERAL INFORMATION
fixed length control field 191130s1995##################000#0#eng##
020 ## - INTERNATIONAL STANDARD BOOK NUMBER
ISBN 9781858981314
082 ## - DEWEY DECIMAL CLASSIFICATION NUMBER
Classification number 332.042 AKD
100 ## - MAIN ENTRY--AUTHOR NAME
Personal name Akdoğan, Haluk
245 ## - TITLE STATEMENT
Title The integration of international capital markets : theory and empirical evidence
Statement of responsibility, etc Haluk Akdogan
260 ## - PUBLICATION, DISTRIBUTION, ETC. (IMPRINT)
Place of publication Aldershot, Hants, England ; Brookfield, Vt
Name of publisher E. Elgar Pub
Year of publication c1995
300 ## - PHYSICAL DESCRIPTION
Number of Pages xiii, 189 p. : ill. ; 24 cm
500 ## - GENERAL NOTE
General note Includes bibliographical references (p. 178-183) and index
650 ## - SUBJECT ADDED ENTRY--TOPICAL TERM
Topical Term Capital market
Topical Term International economic integration
Topical Term International finance
991 ## -
-- 143582
Holdings
Withdrawn status Lost status Damaged status Not for loan Home library Current library Shelving location Date acquired Full call number Accession Number Price effective from Koha item type
        Anna Centenary Library Anna Centenary Library 4TH FLOOR, A WING 09.10.2020 332.042 AKD 344439 09.10.2020 English Books

Find us on the map